000 00638nam a2200217Ii 4500
001 15643
003 CO-ViMGA
008 241108s9999||||xx |||||||||||||| ||und||
020 _a9789871343225
040 _aCO-ViMGA
_bspa
_erda
_cCO-ViMGA
041 0 _aspa
084 _aC QUI
100 1 _aLaura Quiros
_949467
245 1 0 _aEl paso enamorado. Luz de lucilia. La tortuga y la oruga
264 1 _aBuenos Aires, Argentina : Del Naranjo, 2010
300 _avolumen
336 _atext
_btxt
_2rdacontent
337 _aunmediated
_bn
_2rdamedia
338 _avolume
_bnc
_2rdacarrier
940 _aidficha_siabuc: 15327. -- ficha_no_siabuc:15643
999 _c44133
_d44133